| 000 | 00515nam a2200181Ia 4500 | ||
|---|---|---|---|
| 005 | 20250508162504.0 | ||
| 008 | 008 250505s9999 xx 000 0 hin d | ||
| 037 | _aTextual | ||
| 040 |
_aFEDL _beng _cFEDL |
||
| 041 |
_ahin _2eng |
||
| 084 |
_a801.92, GUP _qFEDL |
||
| 100 | _aGupta Vishambhar Dayal | ||
| 245 | 0 | _aSamajik punarnirman ka samajsastra aur sahitya | |
| 260 |
_aHatthrus India _bSita Prakashan _c1984 |
||
| 300 | _a87p. | ||
| 942 |
_cTEXL _h801.92, GUP |
||
| 999 |
_c1376870 _d1376870 |
||